| 000 -ლიდერი |
| ფიქსირებული სიგრძის საკონტროლო ველი |
01290nam a2200241Ia 4500 |
| 001 - საკონტროლო ნომერი |
| საკონტროლო ველი |
23449 |
| 003 - საკონტროლო ნომრის იდენტიფიკატორი |
| საკონტროლო ველი |
GE_BSU |
| 005 - ბოლო ოპერაციის თარიღი და დრო |
| საკონტროლო ველი |
20260120214120.0 |
| 008 - ფიქსირებული სიგრძის მონაცემთა ელემენტები - ზოგადი ინფორმაცია |
| ფიქსირებული სიგრძის საკონტროლო ველი |
181216s1991||||ge |||||||||||||| ||geo|| |
| 040 ## - კატალოგიზაციის წყარო |
| Transcribing agency |
GE_BSU |
| 041 ## - ენის კოდი |
| Language code of text/sound track or separate title |
geo |
| 080 ## - უნივერსალური ათობითი კლასიფიკაციის ინდექსი |
| Universal Decimal Classification number |
94(479.22)"1783-1990 ს-96 |
| 100 ## - მთავარი ჩანაწერი - პიროვნების სახელი |
| Personal name |
სურგულაძე, აკაკი |
| 9 (RLIN) |
937 |
| 245 ## - ცნობა სათაურის შესახებ |
| Title |
საქართველოს ისტორია : |
| Remainder of title |
საკითხავი წიგნი, 1783-1990 / |
| Statement of responsibility, etc |
აკაკი სურგულაძე, პაატა სურგულაძე ; რედ. : გ. ფანჯიკიძე, ჯ. ოდიშელი ; თსუ, საქ. ახალგ. ისტორიკოსთა ასოციაცია.. |
| 264 ## - წარმოების, გამოცემის, დისტრიბუციის და სხვა ცნობები |
| გამოცემის, წარმოების, დისტრიბუციის... ადგილი |
თბილისი : |
| გამოცემის, წარმოების, დისტრიბუციის... სახელწოდება |
მერონი, |
| გამოცემის, წარმოების, დისტრიბუციის... თარიღი |
1991. |
| 300 ## - ფიზიკური აღწერა |
| Extent |
461 გვ. ; |
| Dimensions |
22 სმ.. |
| 653 ## - INDEX TERM--UNCONTROLLED |
| Uncontrolled term |
საქართველოს ისტორია : საკითხავი წიგნი, 1783-1990 |
| 700 ## - ADDED ENTRY--PERSONAL NAME |
| Personal name |
სურგულაძე, პაატა |
| Relator term |
ავტორი |
| 9 (RLIN) |
938 |
| 700 ## - ADDED ENTRY--PERSONAL NAME |
| Personal name |
რედ. გ. ფანჯიკიძე., ჯ. |
| Relator term |
რედაქტორი |
| 9 (RLIN) |
26714 |
| 700 ## - ADDED ENTRY--PERSONAL NAME |
| Personal name |
ოდიშელი, ჯ. |
| Relator term |
რედაქტორი |
| 9 (RLIN) |
1547 |
| 942 ## - ADDED ENTRY ELEMENTS (KOHA) |
| Koha item type |
წიგნი |
| Source of classification or shelving scheme |
|